Resumen del Tratado de Libre Comercio entre Costa Rica y México (Record no. 132480)

MARC details
000 -LEADER
fixed length control field 01038nam a22002417a 4500
005 - DATE AND TIME OF LATEST TRANSACTION
control field 20250305115013.0
008 - FIXED-LENGTH DATA ELEMENTS--GENERAL INFORMATION
fixed length control field t mx gr|||| 00| 0 spa|d
020 ## - INTERNATIONAL STANDARD BOOK NUMBER
International Standard Book Number 9688424498
050 04 - LIBRARY OF CONGRESS CALL NUMBER
Classification number HF1487
Item number S43 1994
110 2# - MAIN ENTRY--CORPORATE NAME
Corporate name or jurisdiction name as entry element Secretaría de Comercio y Fomento Industrial (México)
245 10 - TITLE STATEMENT
Title Resumen del Tratado de Libre Comercio entre Costa Rica y México
Statement of responsibility, etc / Secretaría de Comercio y Fomento Industrial
250 ## - EDITION STATEMENT
Edition statement 1a ed.
260 ## - PUBLICATION, DISTRIBUTION, ETC. (IMPRINT)
Place of publication, distribution, etc México :
Name of publisher, distributor, etc Miguel Ángel Porrúa,
Date of publication, distribution, etc 1994
300 ## - PHYSICAL DESCRIPTION
Extent 71 p. ;
Dimensions 21 cm.
610 2# - SUBJECT ADDED ENTRY--CORPORATE NAME
Corporate name or jurisdiction name as entry element Tratado de Libre Comercio para América del Norte
Geographic subdivision Costa Rica
-- México
651 #7 - SUBJECT ADDED ENTRY--GEOGRAPHIC NAME
Source of heading or term lemb
Geographic name Costa Rica
General subdivision Libre Comercio
Geographic subdivision México
651 #7 - SUBJECT ADDED ENTRY--GEOGRAPHIC NAME
Source of heading or term lemb
Geographic name México
General subdivision Libre comercio
Geographic subdivision Costa Rica
651 #7 - SUBJECT ADDED ENTRY--GEOGRAPHIC NAME
Source of heading or term lemb
Geographic name Costa Rica
General subdivision Relaciones económicas internacionales
Geographic subdivision México
651 #7 - SUBJECT ADDED ENTRY--GEOGRAPHIC NAME
Source of heading or term lemb
Geographic name México
General subdivision Relaciones económicas internacionales
Geographic subdivision Costa Rica
651 #7 - SUBJECT ADDED ENTRY--GEOGRAPHIC NAME
Source of heading or term lemb
Geographic name Costa Rica
General subdivision Tratados comerciales
Geographic subdivision México
651 #7 - SUBJECT ADDED ENTRY--GEOGRAPHIC NAME
Source of heading or term lemb
Geographic name México
General subdivision Tratados comerciales
Geographic subdivision Costa Rica
942 ## - ADDED ENTRY ELEMENTS (KOHA)
Source of classification or shelving scheme Biblioteca del Cogreso de los Estados Unidos
Koha item type Libro
Holdings
Estado de pérdida Fuente de clasificación Estado del daño No para préstamo Ubicación permanente Ubicación actual Apartado o colección Fecha de adquisición Fuente de adquisición Edición Dependencia de educación superior (DES) Área del conocimiento Clasificación Código de Barras Date last seen Número de copia Costo por reposición Tipo de recurso
  Biblioteca del Cogreso de los Estados Unidos   Uso interno Biblioteca Biblioteca de la Facultad de Economía Biblioteca de la Facultad de Economía General 04/03/2025 Donación 1a ed. Ciencias Económico Administrativas Ciencias Sociales y Administrativas HF1487 S43 1994 BFE000011818 26/04/2017 1 1.00 Libro
  Biblioteca del Cogreso de los Estados Unidos     Biblioteca de la Unidad de Ciencias Ingeniería y Humanidades Biblioteca de la Unidad de Ciencias Ingeniería y Humanidades Colección "Miguel Ángel Porrúa" 30/08/2017 Donación 1a   Ciencias Sociales y Administrativas HF1482.5.C8 S43 1994 BCU000000425 30/08/2017 1   Libro